000 00373nam a2200169Ia 4500
100 _aYogesh/Save
650 _aOpen source tools
942 _cBK
366 _f25
654 _aopen source
245 _aOSCAD:Open source EDA tool for circuit design
260 _bSPD
_c2013
082 _a5.13
_bYOG
300 _a127
546 _aENGLISH
_celectronics
999 _c31493
_d31493